[Event "Privolzhskogo FO-ch"]
[Site "Togliatti"]
[Date "2011.03.10"]
[Round "1"]
[White "Skomorokhin, Roman"]
[Black "Shuvatkin, Vladimir N"]
[Result "1/2-1/2"]
[WhiteElo "2415"]
[BlackElo "2220"]
[PlyCount "129"]
[EventDate "2011.03.10"]
[EventType "swiss"]
[EventRounds "9"]
[EventCountry "RUS"]
[SourceTitle "CBM 141 Extra"]
[Source "ChessBase"]
[SourceDate "2011.05.03"]
[SourceVersion "1"]
[SourceVersionDate "2011.05.03"]
[SourceQuality "1"]

1. c4 Nf6 2. Nc3 e6 3. d4 d5 4. cxd5 exd5 5. Bg5 Be7 6. e3 0-0 7. Qc2 c6 8. Bd3 Nbd7 9. Nge2 h6 10. Bf4 Re8 11. 0-0 Nf8 12. Rab1 Nh5 13. Be5 f6 14. Bf4 Nxf4 15. Nxf4 Bd6 16. Nfe2 Qe7 17. Rfe1 Be6 18. Ng3 Rad8 19. Rbd1 Qf7 20. f4 Bc8 21. f5 Qc7 22. Qf2 Nh7 23. Rc1 Qb8 24. Nf1 Ng5 25. Qc2 Re7 26. h4 Nf7 27. Qf2 Rde8 28. a3 Bc7 29. g4 Nd6 30. Qg2 Nf7 31. Rc2 Bb6 32. Rce2 Qd6 33. Qf3 a5 34. Kh1 Bc7 35. Rg2 b6 36. Rd1 Bb8 37. Bc2 Ba6 38. Bd3 Bc8 39. Ne2 Qd8 40. Nf4 Bxf4 41. Qxf4 Qd6 42. Qf3 Bb7 43. Kg1 c5 44. Bb5 Rd8 45. Ng3 cxd4 46. exd4 Ne5 47. dxe5 Qc5+ 48. Qf2 Qxb5 49. exf6 gxf6 50. g5 Qc5 51. gxf6 Qxf2+ 52. Kxf2 Rf7 53. Nh5+ Kh8 54. Rg6 d4 55. Nf4 Kh7 56. Rdg1 Rdd7 57. Ne6 Be4 58. Rg7+ Rxg7 59. fxg7 Kg8 60. f6 Rf7 61. Nxd4 Rxf6+ 62. Ke3 Bd5 63. Ne2 Rf3+ 64. Kd4 Bf7 65. Rg2 1/2-1/2

[Event "Nabereznye Chelny op 8th"]
[Site "Nabereznye Chelny"]
[Date "2010.01.25"]
[Round "7"]
[White "Alyautdinov, Rushan"]
[Black "Shuvatkin, Vladimir N"]
[Result "1/2-1/2"]
[WhiteElo "2153"]
[BlackElo "2233"]
[PlyCount "74"]
[EventDate "2010.01.19"]
[EventType "swiss"]
[EventRounds "9"]
[EventCountry "RUS"]
[SourceTitle "CBM 134 Extra"]
[Source "ChessBase"]
[SourceDate "2010.03.03"]
[SourceVersion "1"]
[SourceVersionDate "2010.03.03"]
[SourceQuality "1"]

1. e4 e6 2. d4 d5 3. e5 c5 4. c3 Qb6 5. Nf3 Bd7 6. Be2 Bb5 7. c4 Bxc4 8. Bxc4 dxc4 9. d5 exd5 10. Qxd5 Ne7 11. Qxc4 Qb4+ 12. Nbd2 Qxc4 13. Nxc4 Ng6 14. 0-0 Nc6 15. Re1 Be7 16. Bg5 0-0 17. Bxe7 Ncxe7 18. Rad1 Rad8 19. Nd6 b6 20. g3 Nc6 21. h4 Rd7 22. h5 Nge7 23. Rd2 h6 24. Red1 Rfd8 25. Kf1 Kf8 26. Kg2 Nc8 27. Nxc8 Rxd2 28. Rxd2 Rxc8 29. Rd7 Re8 30. Rc7 Nxe5 31. Nxe5 Rxe5 32. Rxa7 c4 33. Rc7 b5 34. a4 bxa4 35. Rxc4 Rb5 36. Rxa4 Rxb2 37. Ra7 Rb5 1/2-1/2

[Event "Nabereznye Chelny op 8th"]
[Site "Nabereznye Chelny"]
[Date "2010.01.24"]
[Round "6"]
[White "Shuvatkin, Vladimir N"]
[Black "Galimov, Ildus"]
[Result "1-0"]
[WhiteElo "2233"]
[BlackElo "2021"]
[PlyCount "103"]
[EventDate "2010.01.19"]
[EventType "swiss"]
[EventRounds "9"]
[EventCountry "RUS"]
[SourceTitle "CBM 134 Extra"]
[Source "ChessBase"]
[SourceDate "2010.03.03"]
[SourceVersion "1"]
[SourceVersionDate "2010.03.03"]
[SourceQuality "1"]

1. d4 d6 2. c4 Nf6 3. Nc3 c6 4. g3 Nbd7 5. Nf3 e5 6. Bg2 Be7 7. 0-0 0-0 8. Qc2 Qc7 9. b3 Re8 10. Bb2 b6 11. Rfd1 Bb7 12. Rac1 Rac8 13. e4 Red8 14. d5 cxd5 15. exd5 a6 16. Qe2 Nc5 17. Bh3 Rb8 18. Nh4 Bc8 19. Bxc8 Qxc8 20. b4 Ncd7 21. Nf5 Bf8 22. g4 g6 23. Ng3 Bh6 24. Rc2 Nf8 25. h3 Qc7 26. h4 Bf4 27. g5 Bxg3 28. fxg3 Nh5 29. Ne4 Qe7 30. Rf1 Nd7 31. Bc1 Ng7 32. g4 Ne8 33. h5 gxh5 34. Nf6+ Kh8 35. Qd3 Nf8 36. gxh5 Ng7 37. Rcf2 Rb7 38. Qe4 Rc7 39. h6 Ne8 40. Nxh7 Nxh7 41. Rxf7 Qxf7 42. Rxf7 Rxf7 43. g6 Rf6 44. gxh7 Rd7 45. c5 bxc5 46. bxc5 Rdf7 47. Be3 Rf1+ 48. Kg2 Nf6 49. Qg6 Rb7 50. Kxf1 Rb1+ 51. Qxb1 dxc5 52. Qb7 1-0

[Event "Nabereznye Chelny op 8th"]
[Site "Nabereznye Chelny"]
[Date "2010.01.19"]
[Round "1"]
[White "Fakhrutdinov, Vakil"]
[Black "Shuvatkin, Vladimir N"]
[Result "0-1"]
[WhiteElo "1000"]
[BlackElo "2233"]
[PlyCount "144"]
[EventDate "2010.01.19"]
[EventType "swiss"]
[EventRounds "9"]
[EventCountry "RUS"]
[SourceTitle "CBM 134 Extra"]
[Source "ChessBase"]
[SourceDate "2010.03.03"]
[SourceVersion "1"]
[SourceVersionDate "2010.03.03"]
[SourceQuality "1"]

1. e4 e6 2. a3 d5 3. exd5 Qxd5 4. Nc3 Qd8 5. Nf3 Nf6 6. Be2 Be7 7. 0-0 0-0 8. d3 c5 9. Ne5 Nbd7 10. Nc4 Nb6 11. Bf4 Nxc4 12. dxc4 Qb6 13. Nb5 Rd8 14. Qe1 Ne8 15. a4 a5 16. Bd3 Bd7 17. Qe4 g6 18. Qf3 Bc6 19. Qg3 Bxb5 20. cxb5 Bd6 21. h4 Qc7 22. Bxd6 Rxd6 23. b3 Rad8 24. h5 b6 25. hxg6 hxg6 26. Rfe1 Rd5 27. Qg4 Nf6 28. Qf3 Kg7 29. g3 Re5 30. Kg2 Rxe1 31. Rxe1 Qd6 32. Bc4 Qd2 33. Re2 Qd1 34. Qc3 Rh8 35. Qe1 Qxe1 36. Rxe1 Rd8 37. Kf3 Kf8 38. Re2 Ke7 39. Re3 Ne8 40. Ke2 Nd6 41. Bd3 Rc8 42. c4 Kf6 43. Rf3+ Ke7 44. Re3 Rd8 45. Be4 Ne8 46. Bc6 Ng7 47. Be4 Rd4 48. Bc2 Ne8 49. Bb1 Nf6 50. Bc2 Ng4 51. Rd3 Rxd3 52. Bxd3 f5 53. f3 Nf6 54. g4 fxg4 55. Bxg6 Kd6 56. f4 e5 57. Ke3 g3 58. fxe5+ Kxe5 59. Kf3 Kd4 60. Kxg3 Kc3 61. Kf4 Kxb3 62. Ke5 Kxa4 63. Kd6 Kb3 64. Kc7 Nd7 65. Kxd7 a4 66. Bb1 a3 67. Kc6 Kb2 68. Kxb6 Kxb1 69. Kxc5 a2 70. b6 a1Q 71. b7 Qa7+ 72. Kc6 Qa6+ 0-1

[Event "Privolzhskogo FO-ch"]
[Site "Kazan"]
[Date "2009.01.28"]
[Round "8"]
[White "Shuvatkin, Vladimir N"]
[Black "Abdullin, Renat"]
[Result "1/2-1/2"]
[WhiteElo "2233"]
[BlackElo "2131"]
[PlyCount "36"]
[EventDate "2009.01.21"]
[EventType "swiss"]
[EventRounds "9"]
[EventCountry "RUS"]
[SourceTitle "EXT 2010"]
[Source "ChessBase"]
[SourceDate "2010.11.25"]
[SourceVersion "1"]
[SourceVersionDate "2010.11.25"]
[SourceQuality "1"]

1. d4 Nf6 2. c4 e6 3. Nc3 d5 4. cxd5 exd5 5. Bg5 c6 6. Qc2 Be7 7. e3 0-0 8. Bd3 Nbd7 9. Nf3 Re8 10. 0-0 Nf8 11. a3 Ne4 12. Bxe7 Qxe7 13. b4 a6 14. Na4 Bf5 15. Nc5 Ne6 16. Rfe1 Bg6 17. Nxe4 dxe4 18. Bxe4 Nxd4 1/2-1/2

[Event "Privolzhskogo FO-ch"]
[Site "Kazan"]
[Date "2009.01.23"]
[Round "3"]
[White "Ozolin, Maxim"]
[Black "Shuvatkin, Vladimir N"]
[Result "1/2-1/2"]
[WhiteElo "2377"]
[BlackElo "2233"]
[PlyCount "86"]
[EventDate "2009.01.21"]
[EventType "swiss"]
[EventRounds "9"]
[EventCountry "RUS"]
[SourceTitle "EXT 2010"]
[Source "ChessBase"]
[SourceDate "2010.11.25"]
[SourceVersion "1"]
[SourceVersionDate "2010.11.25"]
[SourceQuality "1"]

1. e4 e6 2. d4 d5 3. Nd2 Nf6 4. e5 Nfd7 5. Bd3 c5 6. c3 Nc6 7. Ndf3 Qb6 8. Ne2 cxd4 9. cxd4 f6 10. exf6 Nxf6 11. 0-0 Bd6 12. b3 0-0 13. Bb2 Bd7 14. Rc1 a5 15. a3 Na7 16. Bb1 Nb5 17. a4 Nc7 18. Bd3 Na6 19. Ne5 Nb4 20. Bb1 Rac8 21. Ng3 Qd8 22. Rxc8 Qxc8 23. Qe2 Qe8 24. Re1 Bc8 25. f4 b6 26. Qd1 g6 27. Re3 Nd7 28. Qg4 Nxe5 29. fxe5 Be7 30. Nh5 Kh8 31. Nf4 Qf7 32. Rf3 Qg7 33. Rh3 Kg8 34. Nh5 gxh5 35. Qxh5 h6 36. Rg3 Bg5 37. h4 Qf7 38. Qxf7+ Rxf7 39. hxg5 hxg5 40. Rxg5+ Kf8 41. Rg3 Ba6 42. Bg6 Rf4 43. Bc3 Ke7 1/2-1/2

[Event "Tatarstan-ch op"]
[Site "Kazan"]
[Date "2008.08.25"]
[Round "5"]
[White "Sabaev, Evgueni"]
[Black "Shuvatkin, Vladimir N"]
[Result "1/2-1/2"]
[WhiteElo "2248"]
[BlackElo "2254"]
[PlyCount "30"]
[EventDate "2008.08.21"]
[EventType "swiss"]
[EventRounds "9"]
[EventCountry "RUS"]
[SourceTitle "EXT 2010"]
[Source "ChessBase"]
[SourceDate "2010.11.25"]
[SourceVersion "1"]
[SourceVersionDate "2010.11.25"]
[SourceQuality "1"]

1. e4 e6 2. d4 d5 3. Nd2 dxe4 4. Nxe4 Nd7 5. Nf3 Ngf6 6. Nxf6+ Nxf6 7. Bd3 Be7 8. Qe2 0-0 9. 0-0 b6 10. Bg5 Bb7 11. Rad1 h6 12. Bc1 Qd5 13. c4 Qh5 14. Ne5 Qxe2 15. Bxe2 Rfd8 1/2-1/2

[Event "Tatarstan-ch op"]
[Site "Kazan"]
[Date "2008.08.24"]
[Round "4"]
[White "Shuvatkin, Vladimir N"]
[Black "Zainutdinov, I."]
[Result "1-0"]
[WhiteElo "2254"]
[BlackElo "2089"]
[PlyCount "115"]
[EventDate "2008.08.21"]
[EventType "swiss"]
[EventRounds "9"]
[EventCountry "RUS"]
[SourceTitle "EXT 2010"]
[Source "ChessBase"]
[SourceDate "2010.11.25"]
[SourceVersion "1"]
[SourceVersionDate "2010.11.25"]
[SourceQuality "1"]

1. d4 Nf6 2. Nf3 e6 3. c4 b6 4. g3 Ba6 5. Qc2 b5 6. cxb5 Bxb5 7. Bg2 Bc6 8. Nc3 Be7 9. 0-0 0-0 10. a3 Bb7 11. Bg5 a6 12. Bxf6 Bxf6 13. Ng5 Bxg5 14. Bxb7 Ra7 15. Bf3 d6 16. Ne4 Be7 17. Rac1 Nd7 18. Rfd1 Nf6 19. Nxf6+ Bxf6 20. Bc6 Qe7 21. b4 Rb8 22. e4 g6 23. Qe2 Bg7 24. Qe3 Rb6 25. Kg2 Qd8 26. Rc2 Qe7 27. f4 Qd8 28. Rb1 Qb8 29. g4 Kh8 30. Rb3 Bh6 31. Qf2 Qd8 32. h4 Bg7 33. Rd3 Qf6 34. g5 Qe7 35. f5 exf5 36. exf5 Rxc6 37. Rxc6 Qe4+ 38. Qf3 Qxh4 39. Qe3 Qg4+ 40. Kh2 Qh4+ 41. Kg1 Qg4+ 42. Kf2 Qxf5+ 43. Ke1 Qd7 44. Rdc3 Kg8 45. Rc2 Kf8 46. d5 Rb7 47. Re2 Be5 48. Rxa6 Rb8 49. Kd1 Qf5 50. Rc6 Qf1+ 51. Kc2 Qa1 52. Rxc7 Qa2+ 53. Kd1 Qxd5+ 54. Rd2 Qh1+ 55. Kc2 Re8 56. Rf2 f5 57. gxf6 Qa1 58. Qh6+ 1-0

[Event "Tatarstan-ch op"]
[Site "Kazan"]
[Date "2007.08.21"]
[Round "2"]
[White "Sadykova, Alsu"]
[Black "Shuvatkin, Vladimir N"]
[Result "1/2-1/2"]
[WhiteElo "2143"]
[BlackElo "2285"]
[PlyCount "50"]
[EventDate "2007.08.20"]
[EventType "swiss"]
[EventRounds "9"]
[EventCountry "RUS"]
[SourceTitle "EXT 2009"]
[Source "ChessBase"]
[SourceDate "2008.11.26"]
[SourceVersion "1"]
[SourceVersionDate "2008.11.26"]
[SourceQuality "1"]

1. d4 Nf6 2. c4 g6 3. Nc3 d5 4. cxd5 Nxd5 5. Qb3 Nb6 6. Nf3 Bg7 7. Bg5 0-0 8. Rd1 c6 9. e3 Re8 10. Be2 N8d7 11. 0-0 Nf6 12. e4 Be6 13. Qc2 Bc4 14. Bxc4 Nxc4 15. e5 Nd5 16. Ne4 Ncb6 17. Nc5 Qc7 18. Rfe1 Nb4 19. Qb3 a5 20. a3 Na6 21. Nd3 Nd5 22. Nd2 h6 23. Bh4 Kh7 24. f4 f5 25. Bf2 e6 1/2-1/2

[Event "Chigorin Memorial 13th"]
[Site "St Petersburg"]
[Date "2005.10.21"]
[Round "7"]
[White "Shuvatkin, Vladimir N"]
[Black "Nogin, Vladimir"]
[Result "1/2-1/2"]
[WhiteElo "2321"]
[BlackElo "2165"]
[PlyCount "41"]
[EventDate "2005.10.15"]
[EventType "swiss"]
[EventRounds "9"]
[EventCountry "RUS"]
[SourceTitle "CBM 108 Extra"]
[Source "ChessBase"]
[SourceDate "2005.11.04"]
[SourceVersion "1"]
[SourceVersionDate "2005.11.04"]
[SourceQuality "1"]

1. d4 d5 2. c4 e6 3. Nc3 c6 4. cxd5 exd5 5. Nf3 Bd6 6. Bg5 Ne7 7. e3 Bf5 8. Bd3 Bxd3 9. Qxd3 0-0 10. 0-0 f5 11. Rfe1 Nd7 12. a3 a5 13. Qc2 Nf6 14. Bf4 Ne4 15. Bxd6 Qxd6 16. Ne5 Ng6 17. f4 Nxe5 18. Nxe4 fxe4 19. dxe5 Qe7 20. Qc3 a4 21. Rab1 1/2-1/2

[Event "Chigorin Memorial 13th"]
[Site "St Petersburg"]
[Date "2005.10.20"]
[Round "6"]
[White "Anisimov, Pavel"]
[Black "Shuvatkin, Vladimir N"]
[Result "1-0"]
[WhiteElo "2501"]
[BlackElo "2321"]
[PlyCount "49"]
[EventDate "2005.10.15"]
[EventType "swiss"]
[EventRounds "9"]
[EventCountry "RUS"]
[SourceTitle "CBM 108 Extra"]
[Source "ChessBase"]
[SourceDate "2005.11.04"]
[SourceVersion "1"]
[SourceVersionDate "2005.11.04"]
[SourceQuality "1"]

1. e4 e6 2. d4 d5 3. Nd2 dxe4 4. Nxe4 Nd7 5. Nf3 Ngf6 6. Bd3 Be7 7. Qe2 0-0 8. Bg5 Re8 9. Nxf6+ Bxf6 10. h4 c5 11. 0-0-0 cxd4 12. Nxd4 Bxg5+ 13. hxg5 Qxg5+ 14. Kb1 Nf6 15. Nf3 Qc5 16. Ne5 h6 17. g4 Nd7 18. f4 Nxe5 19. fxe5 Bd7 20. Qe4 Bc6 21. Qh7+ Kf8 22. Rhf1 Qxe5 23. Bg6 f5 24. gxf5 Ke7 25. f6+ 1-0

[Event "Chigorin Memorial 13th"]
[Site "St Petersburg"]
[Date "2005.10.18"]
[Round "4"]
[White "Kalegin, Evgenij"]
[Black "Shuvatkin, Vladimir N"]
[Result "1-0"]
[WhiteElo "2470"]
[BlackElo "2321"]
[PlyCount "83"]
[EventDate "2005.10.15"]
[EventType "swiss"]
[EventRounds "9"]
[EventCountry "RUS"]
[SourceTitle "CBM 108 Extra"]
[Source "ChessBase"]
[SourceDate "2005.11.04"]
[SourceVersion "1"]
[SourceVersionDate "2005.11.04"]
[SourceQuality "1"]

1. e4 e6 2. d4 d5 3. Nc3 Nf6 4. e5 Nfd7 5. f4 c5 6. Nf3 Nc6 7. Be3 Qb6 8. Na4 Qa5+ 9. c3 cxd4 10. b4 Qc7 11. Nxd4 Nxd4 12. Bxd4 Be7 13. Bd3 b6 14. 0-0 a5 15. a3 Ba6 16. f5 Nxe5 17. Bxa6 Rxa6 18. Qe2 Nc4 19. fxe6 f6 20. Qh5+ g6 21. Qxd5 0-0 22. Rxf6 Rxf6 23. Bxf6 Ne3 24. Qf3 axb4 25. Bxe7 Qxe7 26. Qxe3 Rxa4 27. cxb4 b5 28. Rc1 Qa7 29. Qxa7 Rxa7 30. Rd1 Kf8 31. Rd8+ Ke7 32. Rd7+ Rxd7 33. exd7 Kxd7 34. Kf2 Kd6 35. Ke3 Kd5 36. Kd3 h5 37. Kc3 g5 38. Kb3 h4 39. a4 bxa4+ 40. Kxa4 g4 41. b5 h3 42. gxh3 1-0